| 000 | 00558nam a22001937a 4500 | ||
|---|---|---|---|
| 003 | KOHA_MİRAKIL | ||
| 005 | 20250417181950.0 | ||
| 008 | 250417b tu ||||| |||| 00| 0 tur d | ||
| 020 | _a9786057639745 | ||
| 040 |
_aTR-AnABB _btur _cTR-AnABB |
||
| 041 | _atur | ||
| 082 |
_a823.8 _bCHE 2022 |
||
| 100 |
_aChesterton, Gilbert Keith, _d1874-1936 |
||
| 245 | 1 | 0 |
_aGurur ağaçları / _cGilbert Keith Chesterton |
| 260 |
_aİstanbul : _bDedalus Kitap, _c2022 |
||
| 300 |
_a80 sayfa ; _c20 cm |
||
| 650 | 0 | 4 | _aİngiliz edebiyatı, roman |
| 942 |
_2ddc _cBK |
||
| 999 |
_c8789 _d8789 |
||
| 900 | _bGizem YORULMAZ | ||